| 000 | 01031cam a22003137a 4500 | ||
|---|---|---|---|
| 003 | CHAP | ||
| 005 | 20220329133154.0 | ||
| 008 | 971013s1991 r 00010 d | ||
| 010 | _a2970 | ||
| 011 | _a3942 | ||
| 035 | _a3143 | ||
| 040 | _cCHAP | ||
| 090 | _aFolleto 13505 | ||
| 100 | 0 | 0 |
_aRosa, Julia la. _999873 |
| 245 | 0 | _aDistribución, daños y lucha contra los principales insectos de los productos vegetales | |
| 260 |
_aLa Habana : _bInstituto de Investigaciones de Sanidad Vegetal, _c1991 |
||
| 300 | _a29 p | ||
| 590 |
_aBATCH-UPD _b10 _c20130110 _lUCH01 _h1734 |
||
| 590 |
_aBATCH-UPD _b10 _c20130410 _lUCH01 _h1115 |
||
| 590 |
_aBATCH-UPD _b10 _c20130914 _lUCH01 _h0912 |
||
| 590 |
_aCONVERSION _b10 _c20130109 _lUCH01 _h1303 |
||
| 650 | 1 | 4 |
_aCereales _xAlmacenamiento _xPlagas. _921378 |
| 650 | 1 | 4 |
_aControl de plagas. _927595 |
| 650 | 1 | 4 |
_aInsectos parásitos y predatores. _958961 |
| 700 | 0 |
_aVázquez, Luis L. _9120565 |
|
| 901 | _aBK | ||
| 942 | _cFOLL | ||
| 949 |
_aFolleto 13505 _bBC _cFOLL _d-12654 _eTS1 _i3143 _mD _si |
||
| 999 |
_c2970 _d2970 |
||